[Event "Montreal International"]
[Site "Montreal"]
[Date "1979.04.18"]
[Round "6"]
[White "Portisch, Lajos"]
[Black "Tal, Mihail"]
[Result "1/2-1/2"]
[WhiteElo "2640"]
[BlackElo "2615"]
[Annotator "ChessBase"]
[PlyCount "41"]
[EventDate "1979.04.11"]
[EventType "tourn"]
[EventRounds "18"]
[EventCountry "CAN"]
[EventCategory "15"]
[SourceTitle "MCL"]
[Source "ChessBase"]
[SourceDate "1999.07.01"]
[SourceVersion "1"]
[SourceVersionDate "1999.07.01"]
[SourceQuality "1"]

1. d4 Nf6 2. c4 e6 3. Nf3 b6 4. a3 Bb7 5. Nc3 d5 6. cxd5 exd5 7. Bf4 Bd6 (7...
Be7 {Portisch,L-Karpov,An/Montreal (05)/1979/}) 8. Bg3 O-O 9. e3 c5 10. Bd3 (
10. Be2 $5 Bxg3 11. hxg3 Nbd7 12. Qc2 Re8 13. Rd1 cxd4 14. Rxd4 Nf8 15. O-O Qe7
16. Rfd1 {Portisch,L-Gligoric,S/Linares/1981/}) 10... Re8 (10... Bxg3 $6 11.
hxg3 Nc6 $1 12. Ne5 {open h-file} g6 $13 {Tal}) 11. O-O Bxg3 12. hxg3 Nbd7 13.
dxc5 bxc5 14. b4 {Trying to optain the square d4.} d4 $1 15. exd4 Bxf3 16. Qxf3
(16. gxf3 cxd4 17. Nb5 Ne5 18. Nxd4 $2 Qxd4 $1 19. Bxh7+ $2 Kxh7 20. Qxd4 Nxf3+
21. Kg2 Nxd4 $19) 16... cxd4 $10 17. Nd5 Nxd5 18. Qxd5 Ne5 19. Qxd8 Rexd8 20.
Rad1 Kf8 21. Rfe1 1/2-1/2

[Event "Dortmunder Schachtage-10"]
[Site "Dortmund"]
[Date "1982.04.10"]
[Round "5"]
[White "Ostermeyer, Peter"]
[Black "Romanishin, Oleg M"]
[Result "0-1"]
[WhiteElo "2410"]
[BlackElo "2580"]
[Annotator "ChessBase"]
[PlyCount "52"]
[EventDate "1982.04.06"]
[EventType "tourn"]
[EventRounds "11"]
[EventCountry "GER"]
[EventCategory "10"]
[SourceTitle "MCL"]
[Source "ChessBase"]
[SourceDate "1999.07.01"]
[SourceVersion "1"]
[SourceVersionDate "1999.07.01"]
[SourceQuality "1"]

1. d4 Nf6 2. c4 e6 3. Nf3 b6 4. a3 Ba6 5. e3 (5. Qc2) 5... d5 6. Nbd2 Be7 7.
Bd3 (7. b4 O-O 8. Bb2 c5 9. dxc5 bxc5 10. b5 Bb7 11. Be2 Nbd7 12. O-O Bd6 $15)
7... O-O 8. Qe2 c5 9. dxc5 bxc5 10. e4 Nc6 11. O-O Qc7 12. Re1 Rfd8 13. b3 Rab8
14. Rb1 dxc4 $5 15. Nxc4 $6 (15. Bxc4 $10) 15... Qd7 $5 16. Bc2 (16. Nce5 Qxd3
17. Nxd3 Bxd3 18. Qa2 (18. Qb2 c4 19. b4 Nxe4 $44) 18... Nxe4 19. Bb2 c4 20.
bxc4 Bc5 21. Rf1 Bxf1 22. Rxf1 Nd2 $19) (16. Nfe5 $5 Nxe5 17. Nxe5 Qxd3 $1 (
17... Bxd3 $6 18. Nxd7 Bxe2 19. Nxb8 Bd3 20. Nc6 Bxb1 21. Nxe7+ Kf8 22. Nc6 $14
) 18. Nxd3 Bxd3 19. Qa2 Nxe4 20. Bf4 Nc3 21. Qb2 Nxb1 22. Bxb8 Rxb8 23. Rxb1
Bxb1 24. Qxb1 c4 25. b4 c3 $17) 16... Nd4 17. Nxd4 cxd4 18. Rd1 $2 (18. Bd3
Bxc4 $1 19. Bxc4 d3 20. Qd2 Ng4 $17) 18... Bxc4 $1 19. Qxc4 (19. bxc4 Rxb1 20.
Bxb1 $15) 19... Rbc8 20. Qe2 (20. Qd3 Qc7) 20... d3 $1 21. Bxd3 Rc3 22. e5 (22.
Bc2 Rxc2 23. Rxd7 Rxe2 $19) 22... Rxd3 23. Rxd3 Qxd3 24. Qxd3 Rxd3 25. Bg5 Nd5
26. Rc1 Nc3 0-1

[Event "Linares-05"]
[Site "Linares"]
[Date "1985.03.20"]
[Round "10"]
[White "Christiansen, Larry Mark"]
[Black "Kortschnoj, Viktor Lvovich"]
[Result "1/2-1/2"]
[WhiteElo "2560"]
[BlackElo "2630"]
[Annotator "ChessBase"]
[PlyCount "74"]
[EventDate "1985.03.08"]
[EventType "tourn"]
[EventRounds "11"]
[EventCountry "ESP"]
[EventCategory "14"]
[SourceTitle "MCL"]
[Source "ChessBase"]
[SourceDate "1999.07.01"]
[SourceVersion "1"]
[SourceVersionDate "1999.07.01"]
[SourceQuality "1"]

1. d4 Nf6 2. c4 e6 3. Nf3 b6 4. a3 Bb7 5. Nc3 d5 6. Qa4+ Qd7 (6... Nbd7 7. cxd5
Nxd5 {= 6.cd5 Nd5 7.Qa4 Nd7}) 7. Qxd7+ Nbxd7 8. Nb5 Bd6 9. cxd5 Bxd5 10. e3 Ke7
11. Bd2 a5 12. Bd3 Ne4 13. Ke2 c6 14. Nxd6 Nxd6 15. Ne5 Nxe5 16. dxe5 Ne4 $10
17. Bxe4 Bxe4 18. f3 Bd5 19. Rhc1 Kd7 20. b4 axb4 21. axb4 Kc7 22. Bc3 Ba2 23.
Bd4 Ra4 24. Rc2 Bb3 25. Rxa4 Bxa4 26. Ra2 Bb5+ 27. Kf2 Kb7 28. Ra1 Rd8 29. h4
Rd5 30. Rc1 Ba6 31. Rc2 Rd7 32. Rc3 Bb5 33. h5 Rd8 34. Ra3 Rc8 35. e4 Rd8 36.
Ke3 Bc4 37. Ra1 g6 1/2-1/2

[Event "Candidates sf Kasparov-Kortschnoj+4-1=6"]
[Site "London"]
[Date "1983.11.21"]
[Round "1"]
[White "Kasparov, Garry"]
[Black "Kortschnoj, Viktor Lvovich"]
[Result "0-1"]
[WhiteElo "2690"]
[BlackElo "2600"]
[Annotator "ChessBase"]
[PlyCount "104"]
[EventDate "1983.11.21"]
[EventType "match"]
[EventRounds "12"]
[EventCountry "ENG"]
[SourceTitle "Candidates"]
[Source "ChessBase"]
[SourceDate "1999.07.01"]
[SourceVersion "2"]
[SourceVersionDate "1999.07.01"]
[SourceQuality "1"]

1. d4 Nf6 2. c4 e6 3. Nf3 b6 (3... Bb4+) 4. Nc3 Bb7 5. a3 d5 6. cxd5 Nxd5 7. e3
g6 $5 8. Bb5+ (8. Nxd5 Qxd5 (8... exd5) 9. Qc2 Qd8 $2 (9... Nd7 10. Qxc7 Rc8
11. Qg3 Bd6 12. Qg5 e5 $44) 10. e4 Bg7 11. Bg5 Qd7 12. Bc4 $16 {Timman-Short/
1982/1-0/}) 8... c6 9. Bd3 Bg7 10. e4 (10. Nxd5 cxd5 $10 {Tarjan-Adorjan/1983/}
) 10... Nxc3 11. bxc3 c5 $1 (11... O-O {Ftacnik-Adorjan/1983/1-0/}) 12. Bg5 (
12. Be3 O-O 13. O-O $10) 12... Qd6 (12... Qc7) 13. e5 (13. O-O) 13... Qd7 14.
dxc5 $6 (14. O-O O-O 15. Qe2 cxd4 16. cxd4 Nc6 17. Qe3 $13 (17. Be4 $13)) 14...
O-O $1 (14... bxc5 $2 15. Bb5 Bc6 16. a4 $16) 15. cxb6 axb6 16. O-O Qc7 (16...
Nc6 17. Be4 Qc7 18. Bf6 $1 Bxf6 19. exf6 Qf4 20. Qb1 $1) 17. Bb5 $1 (17. Re1
Nd7 $1 (17... Qxc3 18. Be7 Re8 19. Bb4) (17... Nc6 18. Be4 Ra5 19. Bf6) 18. Be7
Bxf3 $1 (18... Nxe5 19. Bxf8 Nxf3+ 20. gxf3 Rxf8) 19. gxf3 (19. Qxf3 $2 Nxe5
20. Rxe5 Bxe5 21. Bxf8 Rxf8 $17) 19... Bxe5 20. Bxf8 Rxf8 {=/+/-/+}) 17... Bxe5
(17... Nc6 18. Qd6 (18. Bxc6 Bxc6 19. Bf6 Bb5 $1) 18... Bxe5 19. Qxc7 Bxc7 20.
Rfd1 {=/=/+}) 18. Bh6 Bg7 $6 (18... Rd8 19. Nxe5 Rxd1 20. Raxd1 f6 (20... Nc6
21. Ng4 Rd8 $1 (21... Qe7 $4 22. Nf6+ Kh8) 22. Nf6+ Kh8 {=/+/-/+}) (20... Bc6
21. a4 f6 {=/+/-/+}) 21. Nd7 $1 (21. Bc4 $2 fxe5 22. Bxe6+ Kh8 23. Bg5 Kg7 24.
Rd8 h6 $1 25. Rg8+ Kh7 26. Bf6 Nc6 $19) 21... Nxd7 22. Rxd7 Qc5 23. Rg7+ $1 Kh8
24. Rxb7 Qxb5 25. Bg7+ Kg8 26. Bxf6) 19. Bxg7 Kxg7 20. Qd4+ Kg8 (20... f6 {
>< sP}) 21. Ng5 $2 (21. Ne5 {/\ 22.Ng4, 22.Nc4} Rd8 22. Qh4 $1 Rd5 23. Ng4 Rxb5
24. Rad1 $1 (24. Nf6+ Kf8 25. Qh6+ (25. Nxh7+ Kg7) 25... Ke7 26. Ng8+ Kd7 27.
Rad1+ Bd5 28. Qf8 Kc6 $1 29. Qe8+ Qd7 $19) 24... Rd5 $1 (24... Nc6 $2 25. Rd7
$1) (24... Na6 $2 25. Rd7 $1) (24... Bd5 25. c4 Qxc4 26. Rxd5 $1 (26. Qd8+ Kg7
27. Qf6+ $10) 26... exd5 27. Qd8+ Kg7 28. Qf6+ Kf8 29. Re1 Qe4 30. Qh8+ Ke7 31.
Rxe4+ dxe4 32. h4 $36) 25. c4 $1 Rd6 $1 (25... Rxd1 $2 26. Rxd1 Nc6 27. Rd7 $1
Rxa3 (27... Rd8 28. Nf6+ Kg7 29. Qxh7+ (29. Ne8+ $2 Kf8 30. Nxc7 Rxd7) 29...
Kxf6 30. Qxf7+ Kg5 31. h4+ $18) 28. Nf6+ Kg7 29. Qxh7+ Kxf6 30. Qh8+ {/\ 31.
Rc7 +-}) 26. Nf6+ Kf8 27. Qf4 Rc6 28. Qh6+ Ke7 29. Ng8+ Ke8 30. Nf6+ $10) 21...
h6 $1 22. Ne4 Bxe4 23. Qxe4 Na6 (23... Nd7 $6 24. Bxd7 Qxd7 25. Qe3) 24. Qe3 $6
(24. Bxa6 Rxa6 25. Qe3 (25. Qb4 Rc8 26. Rfc1 {-/+/=/+}) 25... Rfa8 $1 26. Qxh6
Rxa3 27. Rxa3 Rxa3 28. h4 Qxc3 29. h5 Ra1 30. hxg6 Rxf1+ 31. Kxf1 Qd3+ 32. Kg1
Qxg6 {-/+/-+}) 24... Qc5 $1 (24... h5 25. Bxa6 Rxa6 26. Rfb1 Rfa8 27. Rb3) 25.
Qxc5 (25. Qe2 Nc7) 25... Nxc5 26. Rfb1 Rfd8 27. Rb4 Rd6 28. Bf1 Kf8 29. a4 $6 (
29. Rab1 {>=} Rxa3 30. Rxb6 Rxb6 31. Rxb6 Rxc3) 29... Ra5 $1 {>< a4} 30. g3 Ke7
31. Kg2 f5 32. Bb5 Rd2 $6 {>= Ke7-c7} 33. Rd4 $2 (33. Bc6 $1 Nd3 (33... Kd6 $2
34. Rxb6 Kc7 35. Rb5) 34. Rxb6 (34. Rd4 $2 Rxf2+ 35. Kg1 Rd2 36. Bb5 Ne5 $1)
34... Nxf2 35. Rb5 $1 $132) (33. Rf1 $2 Kd6 $1) 33... Rxd4 34. cxd4 Nxa4 $1 35.
Rxa4 Rxb5 36. Ra7+ Kd6 (36... Kf6 $6 37. h4 Rd5 38. Rb7) 37. Rh7 h5 38. Rg7 Rd5
39. Rxg6 b5 $19 40. Kf3 b4 41. Ke3 b3 42. Kd2 Rxd4+ 43. Kc3 b2 $1 44. Kxb2 Rd2+
45. Kc3 Rxf2 46. h4 f4 47. Rg5 Rf3+ 48. Kd4 Rxg3 49. Rxh5 Re3 50. Rh6 Ke7 51.
h5 e5+ 52. Kd5 f3 0-1

[Event "DEN-ch76 Mesterskabet"]
[Site "Naestved"]
[Date "1985.03.31"]
[Round "3"]
[White "Fries Nielsen, Jens Ove"]
[Black "Hansen, Curt"]
[Result "0-1"]
[WhiteElo "2390"]
[BlackElo "2505"]
[Annotator "ChessBase"]
[PlyCount "98"]
[EventDate "1985.03.29"]
[EventType "tourn"]
[EventRounds "11"]
[EventCountry "DEN"]
[EventCategory "4"]
[SourceTitle "MCD"]
[Source "ChessBase"]
[SourceDate "1999.07.01"]
[SourceVersion "1"]
[SourceVersionDate "1999.07.01"]
[SourceQuality "1"]

1. d4 Nf6 2. c4 e6 3. Nf3 b6 4. a3 Bb7 5. Nc3 d5 6. cxd5 Nxd5 7. e3 c5 8. Bd3
cxd4 9. exd4 Nd7 10. O-O Be7 11. Qe2 O-O 12. Bd2 Qc7 13. Rac1 Nf4 14. Bxf4 Qxf4
15. Be4 Bxe4 16. Nxe4 Rac8 17. Nc3 Bf6 18. Qa6 Rc7 19. Ne2 Qd6 20. Rxc7 Qxc7
21. Rc1 Qb8 22. b4 Rd8 23. a4 Nf8 24. Qc4 Ng6 25. g3 Ne7 26. b5 Rc8 27. Qd3
Rxc1+ 28. Nxc1 Qc7 29. Ne2 Nd5 30. Kg2 g6 31. h3 Kg7 32. Qb3 Kf8 33. Ne1 Kg7
34. Nf3 Qd6 35. Nc1 Ne7 36. Ne2 Nf5 37. Qc4 Qa3 38. g4 Nh4+ 39. Nxh4 Bxh4 40.
Ng3 Bxg3 41. fxg3 Qe3 42. Qc7 {[#]} Qxd4 (42... Qd2+ 43. Kf3 Qd3+ 44. Kg2 Qe4+
45. Kf1 Qxd4 46. Qxa7 $11) 43. Qxa7 e5 44. a5 (44. g5 e4 45. Qe7 Qb2+ 46. Kh1)
44... e4 {[#]} 45. Qc7 $2 (45. axb6 Qd2+ 46. Kg1 Qe3+ 47. Kg2 Qf3+ 48. Kh2 Qf2+
49. Kh1 $11 e3 50. b7 Qf1+ 51. Kh2 e2 $2 (51... Qf2+ $11) 52. g5 $18) 45...
Qb2+ $19 46. Kg1 e3 47. Qf4 Qa1+ 48. Qf1 Qd4 49. Qe2 bxa5 0-1

[Event "Chalkidiki"]
[Site "Chalkidiki"]
[Date "1992.??.??"]
[Round "7"]
[White "Kramnik, Vladimir"]
[Black "Psakhis, Lev"]
[Result "1/2-1/2"]
[WhiteElo "2625"]
[BlackElo "2570"]
[Annotator "ChessBase"]
[PlyCount "105"]
[EventDate "1992.09.??"]
[EventType "tourn"]
[EventRounds "11"]
[EventCountry "GRE"]
[EventCategory "14"]
[SourceTitle "CBM 032"]
[Source "ChessBase"]
[SourceDate "1993.02.01"]
[SourceVersion "1"]
[SourceVersionDate "1993.02.01"]
[SourceQuality "1"]

1. d4 Nf6 2. c4 e6 3. Nf3 b6 4. a3 Bb7 5. Nc3 d5 6. cxd5 Nxd5 7. Bd2 Nd7 8.
Nxd5 exd5 9. g3 Bd6 (9... Be7 $140 $5 10. Bg2 c5 $10) 10. Bg5 $5 Be7 (10... f6
11. Bf4 $14) 11. Bxe7 Qxe7 12. Rc1 c6 $6 (12... c5 $5 13. dxc5 bxc5 14. Bh3 (
14. Qb3 Rb8 15. Qa4 d4) 14... O-O 15. Bxd7 Qxd7 16. Rxc5 Qh3 $44 17. Qd4 Rfe8
18. Qh4 $2 Qg2 $19) 13. Bh3 O-O 14. O-O Nf6 15. b4 Ne4 $6 (15... a5 $5 16. Ne5
axb4 17. axb4 Qxb4 18. Nxc6 (18. Rb1 $5 Qa5 19. Qc2) 18... Bxc6 19. Rxc6 $14)
16. Qb3 f5 17. Rc2 $16 Rac8 $8 (17... f4 $2 18. Ne5 fxg3 19. hxg3 c5 20. bxc5
bxc5 21. Nd7 $1 $18 (21. dxc5 $2 Qxe5 22. Qxb7 Nxg3 23. fxg3 Qxg3+ 24. Bg2 Qe3+
$10)) 18. Rfc1 Ba8 19. e3 (19. Ne5 c5 $1 $14) (19. Bg2 $5 Kh8 $1 $8 20. Ne5 c5
21. bxc5 bxc5 22. Bxe4 c4 $1) 19... g6 20. Bg2 Kg7 21. Qb2 Rc7 $8 22. Bf1 (22.
b5 Rfc8 $14) 22... Bb7 23. a4 Rfc8 24. Ne5 (24. a5 b5 25. Ne5 a6 $1 (25... Nd6
26. a6 $5)) 24... a6 $1 $8 25. Bg2 Nd6 26. Qc3 Kg8 $138 (26... b5 $2 27. Bxd5
$1 $18) 27. Qb3 Kg7 28. Qc3 Kg8 29. h4 b5 30. Qc5 (30. h5 g5) 30... Nc4 31.
Qxe7 (31. Nxc4 bxc4 32. Qb6 Rd7 33. Bf3 Qd8) 31... Rxe7 32. Nd3 $16 Rce8 33.
Ra1 Kg7 34. axb5 axb5 35. Ra7 Kf6 36. Nc5 Bc8 37. Rca2 h6 38. Rxe7 Rxe7 39. Ra8
Rc7 40. Bf1 Nd6 (40... Nb6 $6 41. Rb8 Nd7 $2 (41... Nc4) 42. Rxc8 $1 $18) 41.
f3 $1 g5 42. Kf2 Re7 (42... gxh4 $2 43. gxh4 $18) 43. Bd3 (43. hxg5+ hxg5 44.
g4 $5 fxg4 45. e4 dxe4 46. fxe4 Nxe4+ $1 47. Nxe4+ Rxe4 48. Rxc8 Rxd4 49. Rxc6+
Ke7 $10) 43... Rc7 (43... g4 $6) 44. Rb8 (44. e4 $5 fxe4 45. fxe4 dxe4 46.
Nxe4+ Nxe4+ 47. Bxe4) (44. hxg5+ hxg5 45. g4 fxg4 46. e4 Kg7 47. e5 Nc4 $1 48.
fxg4 Bxg4 49. Kg3 Bc8 50. Ra1 Ne3 51. Rh1 Nf5+ 52. Kg4 $2 Nxd4+ 53. Kxg5 Nf3+
54. Kf4 Rf7+ $15) 44... Ke7 45. Ra8 (45. Rb6 Bd7 $1 46. Rb8 Be8 $14) 45... Kf6
46. Bf1 Re7 (46... Kg6 47. Nd3 $5) 47. Bg2 Kg7 48. Bh3 Rc7 $8 (48... Kf6 49. e4
$1 $18) 49. Ke2 Kg6 $1 50. hxg5 hxg5 51. Rb8 g4 $1 52. Bg2 gxf3+ 53. Bxf3
1/2-1/2

[Event "YUG-ch"]
[Site "Yugoslavia"]
[Date "1989.??.??"]
[Round "?"]
[White "Kozul, Zdenko"]
[Black "Lalic, Bogdan"]
[Result "1-0"]
[WhiteElo "2490"]
[BlackElo "2525"]
[Annotator "ChessBase"]
[PlyCount "53"]
[EventDate "1989.02.??"]
[EventType "tourn"]
[EventRounds "17"]
[EventCountry "YUG"]
[SourceTitle "CBM 013"]
[Source "ChessBase"]
[SourceDate "1989.12.01"]
[SourceVersion "1"]
[SourceVersionDate "1989.12.01"]
[SourceQuality "1"]

1. d4 Nf6 2. Nf3 e6 3. c4 b6 4. Nc3 Bb7 5. a3 d5 6. cxd5 Nxd5 7. e3 Be7 8. Bb5+
c6 9. Bd3 Nxc3 10. bxc3 c5 11. O-O O-O 12. Bb2 Nc6 13. Qe2 Bf6 14. Rad1 cxd4
15. exd4 Rc8 16. c4 Na5 17. Ne5 Bxe5 18. dxe5 Qh4 $2 (18... Qc7 $1 19. Qh5 g6
20. Qh6 Qc6 $1 21. f3 Qc5+ $10 {Kasparov,G-Tukmakov,V}) 19. f4 Nb3 20. Bc2 (20.
f5 Nd4 $1) 20... Nc5 21. f5 Rfd8 $2 (21... exf5 $1 22. Rxf5 Qe7 {/\ ...Ne6})
22. f6 $1 Ba6 23. g3 $1 Qh3 (23... Qxc4 24. Bxh7+ Kxh7 25. Qh5+ Kg8 26. Qg5 $18
) 24. Rxd8+ Rxd8 25. Rd1 Rd7 26. Qf3 $1 gxf6 27. Qa8+ {notes by Kozul in
'Politika'.} (27. Qa8+ Kg7 28. exf6+ Kh6 29. Qf8+ Kh5 30. Rxd7 Nxd7 31. Qxf7+
Kg4 32. Qxe6+ Kf3 33. Bd1#) 1-0

[Event "WchT U26 03rd"]
[Site "Graz"]
[Date "1981.08.22"]
[Round "6"]
[White "Kasparov, Garry"]
[Black "Fedorowicz, John P"]
[Result "1-0"]
[WhiteElo "2630"]
[BlackElo "2465"]
[Annotator "ChessBase"]
[PlyCount "67"]
[EventDate "1981.08.17"]
[EventType "team-swiss"]
[EventRounds "11"]
[EventCountry "AUT"]
[SourceTitle "EXT 2020"]
[Source "ChessBase"]
[SourceDate "2019.10.17"]
[SourceVersion "1"]
[SourceVersionDate "2019.10.17"]
[SourceQuality "1"]
[WhiteTeam "Soviet Union"]
[BlackTeam "US of America"]
[WhiteTeamCountry "URS"]
[BlackTeamCountry "USA"]

1. d4 Nf6 2. c4 e6 3. Nf3 b6 4. a3 c5 5. d5 Ba6 6. Qc2 exd5 7. cxd5 g6 8. Nc3
Bg7 9. g3 O-O 10. Bg2 d6 11. O-O Re8 12. Re1 Qc7 13. Bf4 Nh5 14. Bd2 Nd7 15.
Qa4 Bb7 16. Qh4 a6 17. Rac1 b5 18. b4 Qd8 19. Bg5 f6 20. Bd2 f5 21. Bg5 Qb6 22.
e4 cxb4 23. axb4 Rac8 24. Be3 Qd8 25. Bg5 Qb6 26. exf5 $1 $18 {>< Qb6, Bb7,
Nh5, >>} Rxe1+ 27. Rxe1 Bxc3 (27... Rxc3 $2 28. Bd8 Bf6 29. Re8+ Kf7 30. Re7+
Kg8 31. Rxd7) 28. Re7 Rc4 (28... Ndf6 29. Be3 $1 Qd8 30. Rxb7) (28... Nf8 {
Siehe a)}) (28... Bf6 29. Rxd7 Rc2 (29... Rc1+ 30. Bxc1 Bxh4 31. Be3) 30. g4 $1
) 29. Qh3 $1 Bc8 (29... Ndf6 30. Be3) 30. fxg6 Ndf6 (30... hxg6 31. Qe6+) 31.
Bxf6 Nxf6 32. gxh7+ Kf8 (32... Kh8 33. Nh4 (33. Qh6 Qxf2+ 34. Kh1) 33... Rxh4 (
33... Bxh3 34. Ng6#) 34. Qxc8+) 33. h8=Q+ Kxe7 34. Qg7+ 1-0

[Event "Khanty-Mansiysk FIDE GP (Women)"]
[Site "Khanty-Mansiysk"]
[Date "2014.04.21"]
[Round "11"]
[White "Dzagnidze, Nana"]
[Black "Zhao, Xue"]
[Result "0-1"]
[WhiteElo "2550"]
[BlackElo "2552"]
[Annotator "ChessBase Website"]
[PlyCount "80"]
[EventDate "2014.04.09"]
[EventType "tourn"]
[EventRounds "11"]
[EventCountry "RUS"]
[EventCategory "10"]
[SourceTitle "CBM 160"]
[Source "ChessBase"]
[SourceDate "2014.05.15"]
[SourceVersion "1"]
[SourceVersionDate "2014.05.15"]
[SourceQuality "1"]
[TimeControl "40/5400+30:1800+30"]
[WhiteClock "1:30:00"]
[BlackClock "1:30:00"]

1. d4 {[%emt 0:00:00]} Nf6 {[%emt 0:00:00]} 2. c4 {[%emt 0:00:00]} e6 {[%emt 0:
00:00]} 3. Nf3 {[%emt 0:00:00]} b6 {[%emt 0:00:00]} 4. a3 {[%emt 0:00:09]} Bb7
{[%emt 0:01:23]} 5. Nc3 {[%emt 0:00:58]} g6 {[%emt 0:00:04]} 6. Qc2 {[%emt 0:
07:23]} c5 {[%emt 0:09:43]} (6... Bxf3 7. exf3 Nc6 8. Be3 Bg7 9. O-O-O O-O 10.
g4 d5 11. Kb1 Na5 12. cxd5 Nxd5 13. h4 Nxc3+ 14. Qxc3 c5 15. Qd3 cxd4 16. Bxd4
Bxd4 17. Qxd4 Qxd4 18. Rxd4 Rad8 19. Rd3 Nc6 20. Rc3 Rd1+ 21. Kc2 Rd6 22. f4
Rfd8 23. Rd3 Rf8 24. Rc3 Rfd8 25. Rd3 Rxd3 26. Bxd3 Rd4 27. f5 Rxg4 28. fxe6
Nd4+ 29. Kd2 Nxe6 30. h5 Kg7 31. hxg6 hxg6 32. Ke3 Rd4 33. Rc1 Rd7 34. b4 Kf6
35. a4 Re7 36. Rc6 {Grachev,B (2693)-Shirov,A (2709) Jurmala 2013 0-1}) 7. dxc5
{[%emt 0:05:13]} bxc5 {[%emt 0:05:14]} 8. Bf4 {[%emt 0:00:26]} Nh5 {[%emt 0:08:
10]} 9. Bg5 {[%emt 0:13:12]} f6 {[%emt 0:00:48]} 10. Be3 {[%emt 0:05:32]} f5 {
[%emt 0:14:33]} 11. Rd1 {[%emt 0:02:25]} Nc6 $146 {[%emt 0:16:58]} (11... a6
12. g3 Qc7 13. Bg2 Be7 14. Bh6 Nc6 15. O-O Nd8 16. Bd2 Nf7 17. Rfe1 O-O 18. e4
f4 19. g4 Nf6 20. h3 g5 21. e5 Bxf3 22. Bxf3 Nxe5 23. Bxa8 Rxa8 24. Kf1 Nf3 25.
Nd5 Nxd5 26. cxd5 Nxe1 27. Bxe1 Rf8 28. dxe6 dxe6 29. Qe4 Bf6 30. Qxe6+ Qf7 31.
Qxf7+ Rxf7 32. b3 Rb7 33. Rd3 Kf7 34. Ke2 Ke6 35. Kf3 Rc7 36. h4 h6 37. h5 Bb2
38. a4 c4 39. bxc4 Rxc4 40. Rb3 Bd4 41. Rb4 {Jovanic,O (2479)-Zsinka,L (2285)
Pula 2011 1/2-1/2 (64)}) 12. Bg5 {[%emt 0:09:50]} Be7 {[%emt 0:02:41]} 13. Bxe7
{[%emt 0:05:46]} Qxe7 {[%emt 0:00:04]} 14. e3 {[%emt 0:01:30]} O-O {[%emt 0:02:
03]} 15. Be2 {[%emt 0:03:23]} Rad8 {[%emt 0:00:47]} 16. O-O {[%emt 0:10:31]} g5
{[%emt 0:00:25] A very strange game in a locked position. Zhao Xue advanced
all of her pawns quickly, leaving behind many weaknesses but obtaining a big
space advantage. It seems that the game remained rather unclear until Black
manged to maneuver her knight to the beautiful spot e4 (White should have
prevented this by opening lines on the kingside sooner) and after that it was
impossible for Dzagnidze to hold her position together.} 17. Ne1 {[%emt 0:02:
56]} g4 {[%emt 0:01:26]} 18. Nd3 {[%emt 0:00:21]} a5 {[%emt 0:05:19]} 19. g3 {
[%emt 0:05:37]} Nf6 {[%emt 0:01:50]} 20. f3 {[%emt 0:02:52]} h5 {[%emt 0:04:10]
} 21. Rf2 {[%emt 0:08:16]} d6 {[%emt 0:01:47]} 22. Nb5 {[%emt 0:02:42]} gxf3 {
[%emt 0:06:01]} 23. Bxf3 {[%emt 0:00:04]} Ng4 {[%emt 0:00:06]} 24. Bxg4 {
[%emt 0:01:48]} hxg4 {[%emt 0:00:07]} 25. Qc3 {[%emt 0:00:09]} Ba8 {[%emt 0:01:
29]} 26. Kf1 {[%emt 0:02:34]} Rd7 {[%emt 0:12:13]} 27. Rdd2 {[%emt 0:03:33]}
Rb8 {[%emt 0:01:53]} 28. a4 {[%emt 0:02:47]} Rf8 {[%emt 0:01:59]} 29. b3 {
[%emt 0:00:28]} Kh7 {[%emt 0:02:05]} 30. Ke1 {[%emt 0:01:18]} Nd8 {[%emt 0:00:
50]} 31. Qxa5 {[%emt 0:01:13]} Nf7 {[%emt 0:00:04]} 32. Nf4 {[%emt 0:01:16]}
Ng5 {[%emt 0:00:14]} 33. Kd1 {[%emt 0:01:39]} Ne4 {[%emt 0:00:13]} 34. Kc1 {
[%emt 0:00:04]} Qf6 {[%emt 0:00:46]} 35. Kb1 {[%emt 0:00:03]} Bb7 {[%emt 0:01:
32]} 36. Qb6 {[%emt 0:01:17]} Ra8 {[%emt 0:00:29]} 37. Nxd6 {[%emt 0:00:34]}
Nxf2 {[%emt 0:00:07]} 38. Qxc5 {[%emt 0:00:40]} Ne4 {[%emt 0:00:17]} 39. Qb5 {
[%emt 0:00:21]} Nxd2+ {[%emt 0:00:11]} 40. Kc2 {[%emt 0:00:00]} Qe7 {[%emt 0:
00:00]} 0-1

[Event "Khanty-Mansiysk FIDE GP (Women)"]
[Site "Khanty-Mansiysk"]
[Date "2014.04.10"]
[Round "2"]
[White "Dzagnidze, Nana"]
[Black "Muzychuk, Anna"]
[Result "1/2-1/2"]
[WhiteElo "2550"]
[BlackElo "2560"]
[Annotator "ChessBase Website"]
[PlyCount "59"]
[EventDate "2014.04.09"]
[EventType "tourn"]
[EventRounds "11"]
[EventCountry "RUS"]
[EventCategory "10"]
[SourceTitle "CBM 160"]
[Source "ChessBase"]
[SourceDate "2014.05.15"]
[SourceVersion "1"]
[SourceVersionDate "2014.05.15"]
[SourceQuality "1"]
[TimeControl "40/5400+30:1800+30"]
[WhiteClock "1:30:00"]
[BlackClock "1:30:00"]

1. d4 {[%emt 0:00:00]} Nf6 {[%emt 0:00:00]} 2. c4 {[%emt 0:00:00]} e6 {[%emt 0:
00:00]} 3. Nf3 {[%emt 0:00:07]} b6 {[%emt 0:00:06]} 4. a3 {[%emt 0:05:16]} Bb7
{[%emt 0:00:34]} 5. Nc3 {[%emt 0:00:06]} d5 {[%emt 0:00:37]} 6. cxd5 {[%emt 0:
00:10]} Nxd5 {[%emt 0:00:24]} 7. Qa4+ {[%emt 0:00:05]} (7. e3 g6 8. Bb5+ c6 9.
Bd3 Bg7 10. Ne4 O-O 11. O-O Nf6 12. b4 a5 13. Bb2 axb4 14. axb4 Rxa1 15. Qxa1
Nd5 16. Qa4 Nd7 17. Rc1 Qe7 18. Qa7 N7f6 19. Nxf6+ Bxf6 20. Ba6 Qxb4 21. Qxb7
Qxb2 22. Rxc6 g5 23. h3 h5 24. Nh2 Kg7 25. Bc4 Nb4 26. Rc7 Qa1+ 27. Nf1 Qa8 28.
Bxe6 Qxb7 29. Rxb7 Bd8 30. Bb3 h4 31. Nd2 Kg6 32. Nc4 f6 33. Nxb6 Nc6 34. Bc2+
f5 35. Nc4 Bf6 36. Nd6 Ne7 {Grischuk,A (2783)-Karjakin,S (2756) Beijing 2013
1-0}) 7... Nd7 {[%emt 0:01:43]} 8. Ne5 {[%emt 0:19:37]} Nxc3 {[%emt 0:11:20]}
9. bxc3 {[%emt 0:00:47]} Bd6 {[%emt 0:01:41]} 10. Nxd7 {[%emt 0:18:14]} Qxd7 {
[%emt 0:01:11]} 11. Qxd7+ {[%emt 0:00:04]} Kxd7 $15 {[%emt 0:00:05][%csl Ra3,
Rc3] White employed the Petrosian (quick a3) system against the Queen's Indian
but her experiment, or her attempt of reviving an old line, was not effective
and if anyone got an edge from the opening it was Black. However it was very
small and it was extinguished when too many pieces were traded off.} 12. f3 {
[%emt 0:00:06]} f5 {[%emt 0:14:12]} 13. e3 {[%emt 0:08:30]} c5 {[%emt 0:05:34]}
14. Bd3 {[%emt 0:05:19]} Rhf8 {[%emt 0:01:47]} 15. a4 {[%emt 0:02:09]} e5 {
[%emt 0:04:02]} 16. Bb2 {[%emt 0:06:04]} Rac8 {[%emt 0:06:09]} 17. dxe5 {
[%emt 0:15:47]} Bxe5 {[%emt 0:00:08]} 18. O-O-O {[%emt 0:00:08]} Kc7 {[%emt 0:
05:51]} 19. Rd2 {[%emt 0:00:48]} g6 {[%emt 0:03:13]} 20. Rhd1 {[%emt 0:01:31]}
Rcd8 {[%emt 0:01:13]} 21. c4 {[%emt 0:03:33]} Bxb2+ {[%emt 0:02:49]} 22. Rxb2 {
[%emt 0:00:18]} Rfe8 {[%emt 0:05:24]} 23. Re2 {[%emt 0:00:10]} Re7 {[%emt 0:03:
21]} 24. Bc2 {[%emt 0:04:18]} Rxd1+ {[%emt 0:07:03]} 25. Kxd1 {[%emt 0:01:04]}
Bc6 {[%emt 0:00:49]} 26. Kd2 {[%emt 0:01:12]} Rd7+ {[%emt 0:01:14]} 27. Kc3 {
[%emt 0:00:16]} Re7 {[%emt 0:00:04]} 28. Kd2 {[%emt 0:00:09]} Rd7+ {[%emt 0:00:
05]} 29. Kc3 {[%emt 0:00:04]} Re7 {[%emt 0:00:04]} 30. Kd2 {[%emt 0:00:09]}
1/2-1/2